Записка о народном образовании в французских колониях с приложением копий, относящихся к этому вопросу документов

Доступно только в Электронных читальных залах Найти на картеНа карте
RUSMARC
00003921nmc2a22002653x 450
0012b3654df-30f3-40eb-9987-eec0bbe3c358
00520230715135546.0
100##$a20221221l18791879k l0rusy0189 ca
1010#$arus
$afre
102##$aRU
105##$ay###
1222#$ad
2001#$aЗаписка о народном образовании в французских колониях с приложением копий, относящихся к этому вопросу документов
$j1879 г.
215##$a164 л.
$d28х22,5 см
251##$cДело
300##$aМатериалы о начальных школах в Германии и Франции
300##$aНа русском и французском языках
300##$aБез обозначения автора
371##$aДокумент не является опубликованным и широко распространяемым
461#0$1001a74412a3-3cc5-4d21-8f0a-dfe2fbd9e72d
$12001
$aДепартамент народного просвещения Министерства народного просвещения (1803-1917)
$1251
$cФонд
$1852
$j733
462#0$1001e7457a9b-6ab2-47cb-b3ed-bfff162542f9
$12001
$aРазряд учительских институтов, семинарий и низших учебных заведений
$1251
$cОпись
$1852
$j227
801#0$aRU
$bРГИА
$c20221221
$gRCR
801#1$aRU
$bГлавНИВЦ
$c20221221
$2rusmarc
801#2$aRU
$bПБ им. Б.Н. Ельцина
$c20230715
$gRCR
$2rusmarc
850##$aРГИА
852##$aРГИА
$eФедеральное казенное учреждение "Российский государственный исторический архив" (РГИА)
$j177
937##$hРГИА
$d12396153
$aASBIBLIO_SCAN
035##$aRusGRCC00057396
856##$uhttp://readingroom.main.prlib.ru/item.aspx?id_node=n186542166&mode=full
Формат отображения